Govt. of
Madhya Pradesh

दिनकर काव्‍य संस्‍कृति और दर्शन (Record no. 64332)

MARC details
000 -LEADER
fixed length control field 00506nam a22001577a 4500
003 - CONTROL NUMBER IDENTIFIER
control field macl
005 - DATE AND TIME OF LATEST TRANSACTION
control field 20210919171913.0
008 - FIXED-LENGTH DATA ELEMENTS--GENERAL INFORMATION
fixed length control field 210919b |||||||| |||| 00| 0 eng d
040 ## - CATALOGING SOURCE
Transcribing agency macl
050 ## - LIBRARY OF CONGRESS CALL NUMBER
Classification number 800/DIN
100 ## - MAIN ENTRY--PERSONAL NAME
Personal name भूदेव ,डॉ
9 (RLIN) 81091
245 ## - TITLE STATEMENT
Title दिनकर काव्‍य संस्‍कृति और दर्शन
260 ## - PUBLICATION, DISTRIBUTION, ETC. (IMPRINT)
Place of publication, distribution, etc. गाजियाबाद
Name of publisher, distributor, etc. अमित प्रकाशन
Date of publication, distribution, etc. 2010
650 ## - SUBJECT ADDED ENTRY--TOPICAL TERM
Topical term or geographic name as entry element रचनावली
9 (RLIN) 163
942 ## - ADDED ENTRY ELEMENTS (KOHA)
Source of classification or shelving scheme
Koha item type Hindi Books
Holdings
Withdrawn status Lost status Source of classification or shelving scheme Damaged status Not for loan Home library Current library Date acquired Cost, normal purchase price Total Checkouts Barcode Date last seen Price effective from Koha item type
          MACL MACL 19/09/2021 450.00   CRH027569 19/09/2021 19/09/2021 Hindi Books